Educación para fracturar el adultocentrismo.
Spremljeno u:
| Glavni autor: | |
|---|---|
| Format: | Knjiga |
| Jezik: | španjolski |
| Izdano: |
Valparaíso, Chile:
Aguaderramada,
2022.
|
| Izdanje: | Primera edición. |
| Serija: | Colección Cuadernos Pedagógicos.
|
| Teme: | |
| Oznake: |
Dodaj oznaku
Bez oznaka, Budi prvi tko označuje ovaj zapis!
|
MARC
| LEADER | 00000nam a22000007a 4500 | ||
|---|---|---|---|
| 003 | CL-VaPUC | ||
| 005 | 20250321101940.0 | ||
| 008 | 250131t2022 ||||| |||| 00| 0 spa d | ||
| 999 | |c 446975 |d 446973 | ||
| 020 | |a 978-956-9996-03-0 | ||
| 040 | |c Pontificia Universidad Católica de Valparaíso | ||
| 082 | |2 22 |a 305.24071 DUA 2022 | ||
| 100 | |9 896081 |a Duarte Quapper, Klaudio |e autor | ||
| 245 | |a Educación para fracturar el adultocentrismo. | ||
| 250 | |a Primera edición. | ||
| 260 | |a Valparaíso, Chile: |b Aguaderramada, |c 2022. | ||
| 300 | |a 45 páginas. | ||
| 490 | |a Colección Cuadernos Pedagógicos. | ||
| 500 | |a c.1-5: Instituto Arcos. 08-01-2025 | ||
| 583 | |c 20250131 |k Yessy Sthefany Diaz Vidal | ||
| 650 | 0 | |9 896083 |a Adultocentrismo |x Relaciones generacionales |x Educación | |
| 650 | 0 | |9 335034 |a Adultos |x Poder educativo y social |v Análisis crítico | |
| 942 | |2 ddc |c BK |n 0 | ||
| 952 | |0 0 |1 0 |2 ddc |4 0 |6 305_240710000000000_DUA_2022 |7 0 |8 A |9 600279 |a BIBINC |b BIBINC |d 2025-01-31 |e Instituto Arcos |i 5665142 |o 305.24071 DUA 2022 |p 5665142 |r 2025-01-31 |t 1 |w 2025-01-31 |y BK |k IFP | ||
| 952 | |0 0 |1 0 |2 ddc |4 0 |6 305_240710000000000_DUA_2022 |7 0 |8 A |9 600280 |a BIBINC |b BIBINC |d 2025-01-31 |e Instituto Arcos |i 5665143 |o 305.24071 DUA 2022 |p 5665143 |r 2025-01-31 |t 2 |w 2025-01-31 |y BK |k IFP | ||
| 952 | |0 0 |1 0 |2 ddc |4 0 |6 305_240710000000000_DUA_2022 |7 0 |8 A |9 600281 |a BIBINC |b BIBINC |d 2025-01-31 |e Instituto Arcos |i 5665144 |o 305.24071 DUA 2022 |p 5665144 |r 2025-01-31 |t 3 |w 2025-01-31 |y BK |k IFP | ||
| 952 | |0 0 |1 0 |2 ddc |4 0 |6 305_240710000000000_DUA_2022 |7 0 |8 A |9 600284 |a BIBINC |b BIBINC |d 2025-01-31 |e Instituto Arcos |i 5665145 |o 305.24071 DUA 2022 |p 5665145 |r 2025-01-31 |t 4 |w 2025-01-31 |y BK |k IFP | ||
| 952 | |0 0 |1 0 |2 ddc |4 0 |6 305_240710000000000_DUA_2022 |7 0 |8 A |9 600285 |a BIBINC |b BIBINC |d 2025-01-31 |e Instituto Arcos |i 5665146 |o 305.24071 DUA 2022 |p 5665146 |r 2025-01-31 |t 5 |w 2025-01-31 |y BK |k IFP | ||